Igloo - Kiss of life ( All Lyrics ) - Statistics

General Stats
  • This quiz has been taken 69 times
  • The average score is 185 of 285
Answer Stats
% Correct
a
98%
I
98%
D
95%
hot
95%
an
93%
igloo
93%
can
90%
I'm
90%
so
90%
dang
88%
me
88%
he
85%
He
85%
melt
85%
yeah
85%
Yeah
85%
'cause
83%
every
83%
Every
83%
go
83%
you
83%
got
80%
Got
80%
What
80%
what
80%
it
78%
But
75%
it's
75%
like
75%
never
75%
pink
75%
pretty
75%
skirt
75%
that
75%
think
75%
venom
75%
'ma
73%
Mini
73%
mini
73%
sweet
73%
bitter
70%
for
70%
heard
70%
everything
68%
licking
68%
little
68%
finger
65%
make
65%
on
65%
trust
65%
seven
63%
word
63%
attack
60%
back
60%
figure
60%
Heart
60%
the
60%
him
58%
Looking
58%
up
58%
you're
58%
out
55%
summer
55%
body
53%
healthy
53%
lose
53%
when
53%
his
50%
street
50%
come
48%
cool
48%
disappear
48%
good
48%
in
48%
In
48%
IV
48%
some
48%
walk
48%
cash
45%
say
45%
To
45%
to
45%
dumb
43%
'em
43%
Mmm
43%
Throw
43%
work
43%
all
40%
another
40%
my
40%
tippy
40%
toe
40%
Vitamins
40%
year
40%
'bout
38%
clouds
38%
dress
38%
feening
38%
lilac
38%
one
38%
put
38%
regular
38%
ah
35%
Best
35%
duh
35%
know
35%
only
35%
short
35%
sunny
35%
Throwing
35%
what's
35%
white
35%
A1
33%
keep
33%
or
33%
running
33%
Slipping
33%
wanna
33%
Whether
33%
worry
33%
down
30%
huh
30%
night
30%
schedule
30%
ain't
28%
FaceTime
28%
rains
28%
room
28%
text
28%
knows
25%
Kodak
25%
says
25%
this
25%
Glass
20%
doubled
18%
alright
10%
believе
3%
perfumе
3%
No matching quizzes found
Score Distribution
Percent of People with Each Score
Percentile by Number Answered
Your Score History
You have not taken this quiz